000 00289nam a2200121Ia 4500
008 190216s9999||||xx |||||||||||||| ||und||
100 _aRavindran T K
245 0 _aMounathinte Nanarthangal
260 _bPoorna Pubs Kozhikode
300 _a182p
650 _aMalayalam Novel
942 _cBK
999 _c27099
_d27099